LEADER 01562nam a2200265 i 4500 001 000000022372 003 CaOOAMICUS 005 20250212115855.0 008 180830s19441961it u000 u ita u 040 $aSeMil$bita 245 00$aPio 9. e Vittorio Emanuele 2. dal loro carteggio privato. 264 1$aRoma :$bPontificia Università Gregoriana,$c1944-1961. 300 $a3 v. in 5 tomi ;$c25 cm. 650 4$aPio IX - Lettere e carteggi.$0(OLS)http://semarc/subject/57121 650 4$aVittorio Emanuele II : di Savoia - Lettere e carteggi.$0(OLS)http://semarc/subject/57122 700 0 $aPius IX,$c.$0(OLS)http://semarc/name/3003 700 1 $aVittorio Emanuele II,$c.$0(OLS)http://semarc/name/55165 774 0 $aPirri, Pietro $tLaicizzazione dello Stato Sardo.$dRoma : Pontificia Università Gregoriana, 1944.$kMiscellanea Historiae Pontificiae$g1$w()183074 774 0 $aPirri, Pietro $tQuestione romana.$dRoma : Pontificia Università Gregoriana, 1951.$w()22544 774 0 $aPirri, Pietro $tQuestione romana dalla Convenzione di settembre alla caduta del potere temporale.$dRoma : Pontificia Università Gregoriana, 1961.$w()361637 900 0 $aPio IX$c. 996 $6245$aPio 9. e Vittorio Emanuele 2. dal loro carteggio privato$9(OLS)http://semarc/title/29842 996 $6264$aRoma :$bPontificia Università Gregoriana$9(OLS)http://semarc/publisher/29750 LEADER 01454nam a2200301 i 4500 001 000000126750 003 CaOOAMICUS 005 20220126153856.0 008 060131s1992 it u000 u ita u 013 $a99458 020 $a88-7802-303-5 040 $aSeMil$bita 100 1 $aRegoliosi, Luigi.$0(OLS)http://semarc/name/52694 245 13$aLa prevenzione possibile :$bmodelli, orientamenti, esperienze per l'operatore di territorio sulla prevenzione della devianza giovanile e della tossicodipendenza /$cLuigi Regoliosi. 260 $aMilano :$bGuerini e Associati,$c1992. 300 $a241. ;$c21 cm. 490 0 $aDimensioni educative ;$v6 500 $aContiene - Bibliografia. - Fondo Card. C.M. Martini. 650 4$aDevianza - Prevenzione.$0(OLS)http://semarc/subject/23819 650 4$aTossicomania - Prevenzione.$0(OLS)http://semarc/subject/24811 830 0$aDimensioni educative ;$v6.$0(OLS)http://semarc/title/20268 850 $aSeMil 852 $aSeMil$W1$xVenegono$y1$m2Q I 23$j81105$B81105$CSeMilBibl$Z2$F108511 $81 941 1 $a4 996 $6020$a88-7802-303-5$9(OLS)http://semarc/number/113008 996 $6245$aLa prevenzione possibile :$bmodelli, orientamenti, esperienze per l'operatore di territorio sulla prevenzione della devianza giovanile e della tossicodipendenza$9(OLS)http://semarc/title/186963 996 $6260$aMilano :$bGuerini e Associati$9(OLS)http://semarc/publisher/31885